"Evoluce kvality jako cesta k udržitelnému růstu"

Súčasný význam evolúcie kvality ako cesty k udržateľnému rozvoju. Ako určiť ciele kvality. Riadenie v spoločnosti. Spoločenské systémy. Medzinárodné aktivity. Na čo nesmú odborníci na manažment kvality zabúdať.

Salvato in:
Dettagli Bibliografici
Autore principale: Kano, Noriaki
Natura: Capitolo di libro
Lingua:ceco
Soggetti:
Tags: Aggiungi Tag
Nessun Tag, puoi essere il primo ad aggiungerne!!

MARC

LEADER 00000naa$a2200000$$$4500
001 0039452
005 20230524132046.8
041 0 |a cze 
044 |a CZ 
245 1 0 |a "Evoluce kvality jako cesta k udržitelnému růstu"  |c Noriaki Kano 
520 |a Súčasný význam evolúcie kvality ako cesty k udržateľnému rozvoju. Ako určiť ciele kvality. Riadenie v spoločnosti. Spoločenské systémy. Medzinárodné aktivity. Na čo nesmú odborníci na manažment kvality zabúdať. 
610 2 0 |a kvalita 
610 2 0 |a manažment 
610 2 0 |a vývoj 
610 2 0 |a rozvoj trvalo udržateľný 
610 2 0 |a spoločnosť 
610 2 0 |a organizácie medzinárodné 
610 2 0 |a normy medzinárodné 
100 1 |a Kano, Noriaki